| 000 | 00440nam a2200193Ia 4500 | ||
|---|---|---|---|
| 005 | 20250423100159.0 | ||
| 008 | 250422s9999 xx 000 0 und d | ||
| 020 | _a0-471-57818-5 | ||
| 050 | _aHD2746.55.U5M47 | ||
| 100 | _aErnst & Young | ||
| 245 | 0 | _aMergers & Acquisition | |
| 250 | _a2nd ed. | ||
| 260 | _aUSA | ||
| 260 | _bJohn Wiley & Sons, Inc. | ||
| 260 | _c1994 | ||
| 300 | _a336 p | ||
| 650 | _aAccounting | ||
| 942 | _cBK | ||
| 999 |
_c32520 _d32520 |
||